Fr. Conceicao Rodrigues College of Engineering

Hydraulic & pneumatic (Record no. 19819)

MARC details
000 -LEADER
fixed length control field 00304nam a2200145Ia 4500
082 ## - DEWEY DECIMAL CLASSIFICATION NUMBER
Classification number 621.51
Item number PAN
100 ## - MAIN ENTRY--PERSONAL NAME
Personal name Parr/ Andrew
245 ## - TITLE STATEMENT
Title Hydraulic & pneumatic
260 ## - PUBLICATION, DISTRIBUTION, ETC.
Name of publisher, distributor, etc. Jaico Pub
Place of publication, distribution, etc. Bombay
Date of publication, distribution, etc. 1993
300 ## - PHYSICAL DESCRIPTION
Extent 223
546 ## - LANGUAGE NOTE
Language note ENGLISH
654 ## - SUBJECT ADDED ENTRY--FACETED TOPICAL TERMS
Focus term Pneumatic power
942 ## - ADDED ENTRY ELEMENTS (KOHA)
Koha item type BOOK
Holdings
Withdrawn status Lost status Damaged status Not for loan Collection Home library Current library Date acquired Cost, normal purchase price Total Checkouts Full call number Barcode Date last seen Cost, replacement price Price effective from Koha item type Source of acquisition
        CRC Fr. Agnel's C.Rodrigues College of Engineering Fr. Agnel's C.Rodrigues College of Engineering 17/03/2023 320.00   621.51 PAN 5662 29/01/2025 320.00 17/03/2023 BOOK  
        CRC Fr. Agnel's C.Rodrigues College of Engineering Fr. Agnel's C.Rodrigues College of Engineering 17/03/2023 320.00   621.2 PAN 7046 17/03/2023 320.00   BOOK global books